Monnaies d'Amérique du Sud (Aléatoire) - Statistiques

Statistiques générales
  • Ce quiz a été pris 24 fois
  • Le résultat moyen est 9 sur 12
Statistiques - réponses
Pays Monnaie % Correct
Argentine Peso argentin
88%
Chili Peso chilien
88%
Colombie Peso colombien
88%
Uruguay Peso uruguayen
82%
Brésil Real brésilien
82%
Venezuela Bolivar vénézuélien
76%
Guyana Dollar guyanien
76%
Suriname Dollar surinamais
71%
Bolivie Boliviano bolivien
65%
Équateur Dollar américain
59%
Pérou Sol péruvien
53%
Paraguay Guaraní paraguayen
47%
Aucun quiz correspondant
Distribution des résultats
% des personnes avec chaque résultat
Percentile par nombre de réponses
Votre historique - résultats
Vous n’avez pas pris ce quiz